Nursing diagnosis : (Record no. 283826)
[ view plain ]
| 000 -LEADER | |
|---|---|
| fixed length control field | 01932cam a22002538a 4500 |
| 001 - CONTROL NUMBER | |
| control field | MEB014511 |
| 003 - CONTROL NUMBER IDENTIFIER | |
| control field | PILC |
| 005 - DATE AND TIME OF LATEST TRANSACTION | |
| control field | 20150505094743.0 |
| 008 - FIXED-LENGTH DATA ELEMENTS--GENERAL INFORMATION | |
| fixed length control field | |
| 020 ## - INTERNATIONAL STANDARD BOOK NUMBER | |
| International Standard Book Number | 078177019x |
| 050 00 - LIBRARY OF CONGRESS CALL NUMBER | |
| Classification number | RT 48 |
| Item number | .C294 2006 |
| 100 ## - MAIN ENTRY--PERSONAL NAME | |
| Personal name | Carpenito-Moyet, Lynda Juall. |
| 245 00 - TITLE STATEMENT | |
| Title | Nursing diagnosis : |
| Remainder of title | application to clinical practice / |
| Statement of responsibility, etc | [edited by] Lynda Juall Carpenito-Moyet. |
| 250 ## - EDITION STATEMENT | |
| Edition statement | 11th ed. |
| 260 ## - PUBLICATION, DISTRIBUTION, ETC. (IMPRINT) | |
| Place of publication, distribution, etc | Philadelphia : |
| Name of publisher, distributor, etc | Wolters Kluwer/Lippincott Williams & Wilkins, |
| Date of publication, distribution, etc | 2006. |
| 300 ## - PHYSICAL DESCRIPTION | |
| Extent | xvii, 1002 pages : |
| Other physical details | illustrations ; |
| Dimensions | 26 cm. |
| 500 ## - GENERAL NOTE | |
| General note | Includes bibliographical references and index. |
| 505 0# - FORMATTED CONTENTS NOTE | |
| Formatted contents note | Section 1. The Focus of Nursing Care - Nursing diagnoses : issues and controversies -- Development of nursing diagnosis -- Types and components of nursing diagnoses -- Nursing diagnosis : what it is, what it is not -- Planning care with nursing diagnosis -- Eleven steps to putting it all together ; Section 2. Manual of Nursing Diagnoses : Individual nursing diagnoses -- Family/home nursing diagnoses -- Community nursing diagnoses -- Health promotion/wellness nursing diagnoses ; Section 3. Manual of Collaborative Problems : Risks for complications of cardiac/vascular dysfunction -- Risks for complications of respiratory dysfunction -- Risks for complications of metabolic/immune/hematopoietic dysfunction -- Risks for complications of renal/urinary dysfunction -- Risks for complications of neurologic/sensory dysfunction -- Risks for complications of gastrointestinal/hepatic/biliary dysfunction -- Risks for complications of muscular/skeletal dysfunction -- Risks for complications of reproductive dysfunction -- Risks for complications ofmedication therapy adverse effects. |
| 650 #0 - SUBJECT ADDED ENTRY--TOPICAL TERM | |
| Topical term or geographic name as entry element | Nursing diagnosis. |
| 650 12 - SUBJECT ADDED ENTRY--TOPICAL TERM | |
| Topical term or geographic name as entry element | Nursing Diagnosis |
| Form subdivision | Outlines. |
| 650 22 - SUBJECT ADDED ENTRY--TOPICAL TERM | |
| Topical term or geographic name as entry element | Patient Care Planning |
| Form subdivision | Outlines. |
| 700 1# - ADDED ENTRY--PERSONAL NAME | |
| Personal name | Carpenito-Moyet, Lynda Juall. |
| 942 ## - ADDED ENTRY ELEMENTS (KOHA) | |
| Source of classification or shelving scheme | Library of Congress Classification |
| Koha item type | Books |
| Withdrawn status | Lost status | Source of classification or shelving scheme | Damaged status | Home library | Current library | Shelving location | Date acquired | Source of acquisition | Sub Shelving location | Total Checkouts | Full call number | Barcode | Date last seen | Price effective from | Koha item type |
|---|---|---|---|---|---|---|---|---|---|---|---|---|---|---|---|
| Library of Congress Classification | Southville International School Affiliated with Foreign Universities Library | Southville International School Affiliated with Foreign Universities Library | Southville Foreign University Section | 05/05/2015 | Library Fund | RT 48 .C294 2006 | SFU1852 | 05/15/2018 | 05/05/2015 | Books |